000 00751nam a2200253Ia 4500
003 OSt
005 20220918230555.0
006 a|||||r|||| 00| 0
007 ta
008 220917b |||||||| |||| 00| 0 eng d
024 _a256,016
037 _cTextual
040 _aARTS
_cARTS
_beng
041 _2eng
_aeng
082 _aV73:196,(X95).N7, M0
100 _aHauck David
_9152847
245 0 _aU.S bussiness in South Africa
_b economic, political,and moral issues
260 _aBloomington
_bIndiana University Press London
_c1980
300 _axi,375p
_ccm.
650 _aHISTORY
700 _a Liff David M
_9152848
942 _hV73:196,(X95).N7, M0
_cTEXL
_2CC
999 _c288388
_d288388